Cambridge IGCSE English as a second language / (Record no. 4104)

MARC details
000 -LEADER
fixed length control field 02143cam a2200433 i 4500
001 - CONTROL NUMBER
control field 20623273
003 - CONTROL NUMBER IDENTIFIER
control field OSt
005 - DATE AND TIME OF LATEST TRANSACTION
control field 20260305145015.0
008 - FIXED-LENGTH DATA ELEMENTS--GENERAL INFORMATION
fixed length control field 180809t20182018enka e 001 0 eng
010 ## - LIBRARY OF CONGRESS CONTROL NUMBER
LC control number 2018285771
020 ## - INTERNATIONAL STANDARD BOOK NUMBER
International Standard Book Number 9781108465953
Qualifying information (Coursebook)
020 ## - INTERNATIONAL STANDARD BOOK NUMBER
International Standard Book Number 1108465951
Qualifying information (Coursebook)
020 ## - INTERNATIONAL STANDARD BOOK NUMBER
International Standard Book Number 9781108465977
Qualifying information (Workbook)
020 ## - INTERNATIONAL STANDARD BOOK NUMBER
International Standard Book Number 9781108566698
Qualifying information (Teacher's book)
035 ## - SYSTEM CONTROL NUMBER
System control number 20623273
040 ## - CATALOGING SOURCE
Original cataloging agency DLC
Transcribing agency DLC
042 ## - AUTHENTICATION CODE
Authentication code pcc
050 00 - LIBRARY OF CONGRESS CALL NUMBER
Classification number PE1128
Item number .L796 2018
082 04 - DEWEY DECIMAL CLASSIFICATION NUMBER
Classification number 428BRA
Edition number 23
245 10 - TITLE STATEMENT
Title Cambridge IGCSE English as a second language /
Statement of responsibility, etc. Tom Bradbury and Mark Fountain
246 30 - VARYING FORM OF TITLE
Title proper/short title IGCSE
246 30 - VARYING FORM OF TITLE
Title proper/short title English as a second language :
Remainder of title course book
250 ## - EDITION STATEMENT
Edition statement Fifth edition.
264 #1 - PRODUCTION, PUBLICATION, DISTRIBUTION, MANUFACTURE, AND COPYRIGHT NOTICE
Place of production, publication, distribution, manufacture Cambridge, England :
Name of producer, publisher, distributor, manufacturer Cambridge University Press,
Date of production, publication, distribution, manufacture, or copyright notice 2019.
264 #4 - PRODUCTION, PUBLICATION, DISTRIBUTION, MANUFACTURE, AND COPYRIGHT NOTICE
Date of production, publication, distribution, manufacture, or copyright notice ©2019
300 ## - PHYSICAL DESCRIPTION
Extent 155p.
Other physical details color illustrations ;
Dimensions 28 cm.
Accompanying material 2 CDs
336 ## - CONTENT TYPE
Content type term text
Content type code txt
Source rdacontent
336 ## - CONTENT TYPE
Content type term still image
Content type code sti
Source rdacontent
337 ## - MEDIA TYPE
Media type term unmediated
Media type code n
Source rdamedia
338 ## - CARRIER TYPE
Carrier type term volume
Carrier type code nc
Source rdacarrier
505 0# - FORMATTED CONTENTS NOTE
Formatted contents note 1. Coursebook
520 ## - SUMMARY, ETC.
Summary, etc. Supports students studying for Cambridge IGCSE (R) English as a Second Language (ESL). This fully updated print course book is designed to support students studying for Cambridge IGCSE (R) English as a Second Language syllabus (0510/0511/0991) for examination in 2019. With carefully scaffolded content, this easy to navigate course book has a language focus in each unit and offers new word and top tips. Each unit is themed and takes an integrated skills approach while emphasising a core skill. At the end of each chapter students can reflect and develop on what they have learnt, all to help build students' language skills and confidence in English as the course progresses. Answers in teacher's book.
650 #0 - SUBJECT ADDED ENTRY--TOPICAL TERM
Topical term or geographic name entry element English language
Form subdivision Textbooks for foreign speakers.
650 #0 - SUBJECT ADDED ENTRY--TOPICAL TERM
Topical term or geographic name entry element English language
Form subdivision Examinations, questions, etc.
650 #0 - SUBJECT ADDED ENTRY--TOPICAL TERM
Topical term or geographic name entry element Universities and colleges
General subdivision Entrance requirements.
906 ## - LOCAL DATA ELEMENT F, LDF (RLIN)
a 7
b vbc
c origres
d 3
e ncip
f 20
g y-gencatlg
942 ## - ADDED ENTRY ELEMENTS (KOHA)
Source of classification or shelving scheme Dewey Decimal Classification
Koha item type Books
Holdings
Withdrawn status Lost status Source of classification or shelving scheme Damaged status Not for loan Collection code Home library Current library Shelving location Date acquired Inventory number Total Checkouts Full call number Barcode Date last seen Copy number Price effective from Koha item type
    Dewey Decimal Classification     Language Chalimbana Main Library Chalimbana Main Library Language 03/05/2026 694514   428BRA 978-1-108-54610-2 03/05/2026 1 03/05/2026 Books
    Dewey Decimal Classification     Language Chalimbana Main Library Chalimbana Main Library Language 03/05/2026 694511   428BRA 978-1-108-54610-3 03/05/2026 2 03/05/2026 Books
    Dewey Decimal Classification     Language Chalimbana Main Library Chalimbana Main Library Language 03/05/2026 694513   428BRA 978-1-108-54610-4 03/05/2026 3 03/05/2026 Books
    Dewey Decimal Classification     Language Chalimbana Main Library Chalimbana Main Library Language 03/05/2026 694512   428BRA 978-1-108-54610-5 03/05/2026 4 03/05/2026 Books

Powered by Koha